Ecole Polytechnique - Statistiques

Statistiques générales
  • Ce quiz a été pris 57 fois
  • Le résultat moyen est 7 sur 15
Statistiques - réponses
Question Réponse % Correct
Surnom de l'école et ses élèves X
98%
Défilé lors duquel l'école parade en tête 14 juillet
75%
Ville où se trouve l'école Palaiseau
73%
Chef d'Etat fondateur Napoléon Ier
71%
"Rivale" historique de Polytechnique ENS
63%
Les polytechniciens le portent sur la tête Bicorne
62%
Date de création 1794
60%
Discipline historique et expertise de Polytechnique Mathématiques
54%
Grade militaire des élèves Aspirant
42%
Nom de la tenue de cérémonie Grand Uniforme
38%
Date d'autorisation d'entrée des femmes dans l'école 1970
37%
Surnom de l'ancienne école située sur la montagne Sainte Geneviève Carva
23%
Nombre de laboratoires de recherche 22
21%
Division militaire à laquelle appartient l'école Génie
21%
PDG actuel de l'école Eric Labaye
10%
Aucun quiz correspondant
Distribution des résultats
% des personnes avec chaque résultat
Percentile par nombre de réponses
Votre historique - résultats
Vous n’avez pas pris ce quiz